000 01653cam a2200289 4500500
005 20251228065210.0
041 _afre
042 _adc
100 1 0 _aHonneth, Axel
_eauthor
700 1 0 _aGernet, Isabelle
_eauthor
245 0 0 _aTravail et agir instrumental. À propos des problèmes catégoriels d'une théorie critique de la société
260 _c2007.
500 _a4
520 _aRésuméL’auteur propose une analyse critique du concept de travail proposé par plusieurs auteurs, dont K. Marx, H. Arendt et J. Habermas. Il cherche ainsi à discuter du statut émancipatoire du concept de travail dans la formulation d’une théorie critique de la société.
520 _aThe author proposes a critical analysis of the concept of work expressed by several authors as K. Marx, H. Arendt or J. Habermas. He tries to discuss the emancipatory status of the concept of work in the formulation of a critical theory of society.
520 _aResumenEl autor propone auna análisis crítico del concepto de trabajo expuesto por varios autores como K. Marx, H. Arendt et J. Habermas. De este modo busca debatir en torno al estatuto emancipatorio del concpeto de trabajo en la formulación de una teoría crítica de la sociedad.
690 _aagir instrumental
690 _aémancipation
690 _athéorie critique
690 _atravail
690 _acritical theory
690 _aemancipation
690 _ainstrumental action
690 _awork
786 0 _nTravailler | 18 | 2 | 2007-09-01 | p. 17-58 | 1620-5340
856 4 1 _uhttps://shs.cairn.info/revue-travailler-2007-2-page-17?lang=fr&redirect-ssocas=7080
999 _c1590960
_d1590960